Stolice Europy po flagach - Statystyki

Ogólne statystyki
  • Ten quiz został rozwiązany 526 razy
  • Średni wynik to 35 z 45
Statystyki odpowiedzi
Obrazkowy Odpowiedź % Poprawnych
Berlin
100%
Londyn
98%
Paryż
96%
Ateny
95%
Madryt
95%
Lizbona
92%
Oslo
92%
Sztokholm
90%
Helsinki
89%
Moskwa
88%
Warszawa
88%
Rzym
86%
Kijów
85%
Kopenhaga
84%
Watykan
84%
Amsterdam
83%
Dublin
82%
Praga
82%
Luksemburg
80%
Monako
80%
San Marino
80%
Wiedeń
80%
Bruksela
79%
Budapeszt
79%
Sofia
77%
Ryga
76%
Reykjavik
75%
Zagrzeb
75%
Mińsk
74%
Wilno
73%
Berno
70%
Tallinn
69%
Bratysława
68%
Bukareszt
67%
Tirana
66%
Valetta
65%
Belgrad
63%
Vaduz
63%
Skopje
62%
Lublana
61%
Andora
60%
Podgorica
58%
Sarajewo
58%
Kiszyniów
53%
Prisztina
53%
Nie znaleziono quizów pasujących do podanych kryteriów
Rozkład punktacji
Procent ludzi z każdym wynikiem
Percentyl według liczby udzielonych odpowiedzi
Twoja historia wyników
Nie rozwiązałeś tego quizu